00609pam a2200193 4500001000500000005001700005008003900022010001600061020001500077043001200092100003100104245007100135260003800206300003500244600003100279600002300310650003400333650004800367276820181127165754.0780412s1978 nyuaf 000 0ceng a 77011807 a0060913983 an-us---1 aMurray, Pauli,d1910-1985.10aProud shoes :bthe story of an American family /cby Pauli Murray. aNew York :bHarper & Row,cc1978. axvii, 280 p. :bill. ;c22 cm.10aMurray, Pauli,d1910-1985.30aFitzgerald family. 0aAfrican AmericansvBiography. 0aAfrican AmericansxSocial life and customs.